Statistics for Composers by Picture #2

Click here to take the quiz!

General Stats

  • This quiz has been taken 33 times
  • The average score is 8 of 16

Answer Stats

Answer % Correct
Leonard Bernstein
76%
Joseph Haydn
67%
Gustav Mahler
64%
Dmitri Shostakovich
61%
Giuseppe Verdi
58%
Felix Mendelssohn
58%
Béla Bartók
55%
Edvard Grieg
48%
Aaron Copland
45%
Benjamin Britten
45%
Antonín Dvořák
45%
Sergei Rachmaninoff
42%
Maurice Ravel
39%
Jean-Baptiste Lully
27%
Arcangelo Corelli
24%
Olivier Messiaen
15%

Score Distribution

Percentile by Number Answered

Percent of People with Each Score

Your Score History

You have not taken this quiz